Quarterly property market update (Record no. 108989)

MARC details
000 -LEADER
fixed length control field 01138cad a22002415a 4500
001 - CONTROL NUMBER
control field L145965
008 - FIXED-LENGTH DATA ELEMENTS--GENERAL INFORMATION
fixed length control field 081126s2008 xxkad f s 000 0 eng d
035 ## - SYSTEM CONTROL NUMBER
System control number (Sirsi) u145965
041 0# - LANGUAGE CODE
Language code of text/sound track or separate title eng
050 04 - LIBRARY OF CONGRESS CALL NUMBER
Classification number 333.33 $2 18
110 2# - MAIN ENTRY--CORPORATE NAME
Corporate name or jurisdiction name as entry element Cluttons
9 (RLIN) 2064
245 00 - TITLE STATEMENT
Title Quarterly property market update
Remainder of title November 2008
Medium [electronic resource]
260 ## - PUBLICATION, DISTRIBUTION, ETC.
Place of publication, distribution, etc. London
Name of publisher, distributor, etc. Cluttons
Date of publication, distribution, etc. 2008
490 #0 - SERIES STATEMENT
Series statement Quarterly Property Market Update
Volume/sequential designation November 2008
520 ## - SUMMARY, ETC.
Summary, etc. Expects all property returns to be negative in 2009 at -4%, following a return of -16% expected for 2008. Forecasts returns for the office sector to see -17% in 2008 and -3% in 2009. Predicts that total returns for retail to be -16% in 2008 with -3% in 2009. Suggests house prices will fall by -14% in 2008 and a further -7% in 2009.
590 ## - LOCAL NOTE (RLIN)
Local note KA
650 24 - SUBJECT ADDED ENTRY--TOPICAL TERM
Topical term or geographic name entry element CLUTTONS QUARTERLY PROPERTY MARKET UPDATE
651 #4 - SUBJECT ADDED ENTRY--GEOGRAPHIC NAME
Geographic name United Kingdom
Chronological subdivision
690 ## - LOCAL SUBJECT ADDED ENTRY--TOPICAL TERM (OCLC, RLIN)
Topical term or geographic name as entry element PROPERTY-COMMERCIAL PROPERTY-COMMERCIAL PROPERTY MARKET
690 ## - LOCAL SUBJECT ADDED ENTRY--TOPICAL TERM (OCLC, RLIN)
Topical term or geographic name as entry element PROPERTY-RESIDENTIAL PROPERTY-RESIDENTIAL PROPERTY MARKET
856 40 - ELECTRONIC LOCATION AND ACCESS
Uniform Resource Identifier <a href="https://www.cluttons.com/">https://www.cluttons.com/</a>
Public note View the report at www.cluttons.com...
942 ## - ADDED ENTRY ELEMENTS (KOHA)
Suppress in OPAC 0
Holdings
Withdrawn status Lost status Source of classification or shelving scheme Damaged status Not for loan Home library Current library Shelving location Date acquired Total Checkouts Full call number Barcode Date last seen Copy number Price effective from Koha item type
    Dewey Decimal Classification     Virtual Virtual Online 26/11/2008   ONLINE PUBLICATION 145965-1001 06/08/2019 1 06/08/2019 Book